000 01213nam a2200397 a 4500
003 AR-BaBNM
005 20251128204754.0
008 082120s2002 ||||||||||||||000 | spa||
020 _a84-87567-92-4
040 _cAR-BaBNM
100 1 _aQuetel, Richard
245 0 0 _aEducación ambiental
_bhacia una pedagogía basada en la resolución de problemas
250 _a1ª ed.
260 _aBilbao
_bLos Libros de la Catarata
_c1994
300 _a62 p.
_bcuadros
490 0 _aEducación ambiental
_vv. 15
500 _aEsta edición cuenta con el aval del Programa Internacional de Educación Ambiental Unesco-PNUMA
500 _aPNUMA: Programa de las Naciones Unidas para el Medio Ambiente
650 4 _aECOLOGIA
650 4 _aCALIDAD AMBIENTAL
650 4 _aGESTION AMBIENTAL
650 4 _aEDUCACION
650 4 _aPLANIFICACION AMBIENTAL
650 4 _aRECURSOS EDUCACIONALES
650 4 _aEDUCACION AMBIENTAL
650 4 _aMEDIO AMBIENTE NATURAL
650 4 _aFORMACION PROFESIONAL
650 4 _aENSEÑANZA
650 4 _aPEDAGOGIA
650 4 _aTECNICAS
650 4 _aMETODOS DE ENSEÑANZA
700 1 _aSouchon, Christian
710 2 _aUnesco
942 _cBK
998 _cGLORIA
999 _c8760
_d8760